[Event "Open 2007"]
[Site "Miami USA"]
[Date "2007.09.29"]
[Round "6"]
[White "Hernandez, Gilberto"]
[Black "Mikhalevski, Victor"]
[Result "1-0"]
[WhiteElo "2570"]
[BlackElo "2675"]
[PlyCount "107"]
[EventDate "2007.09.26"]
[Source "www.chesslib.no"]
[SourceDate "2004.05.04"]

1. e4 e5 2. Nf3 Nc6 3. Bb5 a6 4. Ba4 Nf6 5. d3 d6 6. c3 g6 7. O-O Bg7 8. Re1 O-O 9. Bg5 h6 10. Bh4 g5 11. Bg3 Bg4 12. Nbd2 Nd7 13. h3 Bh5 14. Qc2 Bg6 15. Bxc6 bxc6 16. d4 f6 17. b4 Kh7 18. Rad1 a5 19. Nb3 f5 20. exf5 Rxf5 21. Qd2 e4 22. Rxe4 a4 23. Nc1 Nb6 24. Rde1 Rf7 25. Re6 Bf5 26. R6e2 Qd7 27. Nh2 Rd8 28. Nf1 Nc4 29. Qd1 c5 30. Ne3 Nxe3 31. Rxe3 cxd4 32. cxd4 Qb5 33. a3 Rdd7 34. Ne2 c5 35. Qd2 cxb4 36. axb4 Qd5 37. Ra3 Ra7 38. Rd1 Rfb7 39. Nc3 Qc6 40. b5 Qd7 41. Rda1 Qe6 42. Rxa4 Rxa4 43. Rxa4 Qb3 44. Bxd6 Rxb5 45. Ra7 Rb7 46. Rxb7 Qxb7 47. Qe3 Qb3 48. Be5 Bf8 49. d5 Kg6 50. g4 Bd7 51. Qe4+ Kf7 52. Qh7+ Ke8 53. Bf6 Be6 54. Qe4 1-0

[Event "Moscow RUS"]
[Site "?"]
[Date "2005.02.17"]
[Round "3"]
[White "Zvjaginsev Vadim"]
[Black "Ganguly Surya Shekhar"]
[Result "1/2-1/2"]
[WhiteElo "2653"]
[BlackElo "2585"]
[PlyCount "48"]
[EventDate "2005.??.??"]
[Source "www.chesslib.no"]
[SourceDate "2004.05.04"]

1. e4 e5 2. Nf3 Nc6 3. Bb5 a6 4. Ba4 Nf6 5. d3 b5 6. Bb3 Bc5 7. Nc3 d6 8. Nd5 h6 9. Nxf6+ Qxf6 10. Bd5 Bd7 11. Be3 Rd8 12. Bxc6 Bxc6 13. O-O O-O 14. Qe1 Qe7 15. Bxc5 dxc5 16. Qe3 f5 17. exf5 Rxf5 18. Nd2 Qg5 19. Qxg5 Rxg5 20. f3 c4 21. Rac1 cxd3 22. cxd3 Rxd3 23. Rxc6 Rxd2 24. Rf2 Rd1+ 1/2-1/2

[Event "ch-Euro Blitz"]
[Site "Ajaccio FRA"]
[Date "2007.10.26"]
[Round "31"]
[White "Fressinet, L."]
[Black "Mikhalevski, V."]
[Result "0-1"]
[WhiteElo "2654"]
[BlackElo "2584"]
[PlyCount "140"]
[EventDate "2007.10.25"]
[Source "www.chesslib.no"]
[SourceDate "2004.05.04"]

1. e4 e5 2. Nf3 Nc6 3. Bb5 a6 4. Ba4 Nf6 5. d3 d6 6. c3 g6 7. Nbd2 Bg7 8. O-O O-O 9. Re1 Nd7 10. Nf1 Nc5 11. Bc2 Ne6 12. Ng3 Qf6 13. Be3 Nf4 14. h3 h5 15. d4 a5 16. Ba4 Bh6 17. Bxc6 bxc6 18. Nh2 a4 19. Ne2 Re8 20. Nxf4 Bxf4 21. Bxf4 Qxf4 22. Qf3 Qg5 23. Qe3 Rb8 24. Rab1 Qxe3 25. Rxe3 Be6 26. b3 axb3 27. axb3 Rxb3 28. Rxb3 Bxb3 29. Nf3 f6 30. dxe5 fxe5 31. Re1 Ra8 32. Nd2 Be6 33. Rb1 Ra7 34. Nf3 Kf7 35. Ng5+ Ke7 36. h4 Ra3 37. Rc1 d5 38. f3 Kd6 39. Kf2 Ra2+ 40. Kg3 Re2 41. f4 Re3+ 42. Kf2 exf4 43. exd5 cxd5 44. Ra1 Rxc3 45. Rd1 Bg4 46. Ne4+ Ke5 47. Nxc3 Bxd1 48. Nxd1 d4 49. Ke2 Kf5 50. Nf2 Ke5 51. Kd3 Kd5 52. Nh3 Ke5 53. Nf2 Kd5 54. Nh3 Ke5 55. Nf2 f3 56. g3 Kd5 57. Ne4 c5 58. Nf6+ Ke5 59. Nd7+ Kd6 60. Nb6 Ke6 61. Na4 Kd5 62. Nb6+ Ke5 63. Nc4+ Kf5 64. Nd2 Kg4 65. Ne4 Kh3 66. Kd2 Kg2 67. Ke1 c4 68. Nf2 c3 69. Nd3 c2 70. Kd2 f2 0-1

[Event "Ch Bosnia & Herzegovina (team)"]
[Site "Vogosca (Bosnia & Herzegovina"]
[Date "2007.06.08"]
[Round "7"]
[White "Perunovic Milos (SCG)"]
[Black "Almasi Zoltan (HUN)"]
[Result "0-1"]
[WhiteElo "2562"]
[BlackElo "2675"]
[PlyCount "74"]
[EventDate "2007.??.??"]
[Source "www.chesslib.no"]
[SourceDate "2004.05.04"]

1. e4 e5 2. Nf3 Nc6 3. Bb5 a6 4. Ba4 Nf6 5. d3 d6 6. c4 g6 7. d4 exd4 8. Nxd4 Bd7 9. Nc3 Bg7 10. Nxc6 Bxc6 11. Bxc6+ bxc6 12. Qa4 Qd7 13. O-O O-O 14. Bg5 Rfe8 15. c5 dxc5 16. Be3 Qe6 17. f3 c4 18. Rfd1 Nd7 19. Bd4 Ne5 20. Qa5 Nd3 21. Bxg7 Kxg7 22. Na4 Qf6 23. Qc3 Qxc3 24. Nxc3 Nxb2 25. Rd7 Rac8 26. Rb1 Nd3 27. Rd4 Ne5 28. Rb7 Red8 29. Rxd8 Rxd8 30. Rxc7 Rd2 31. f4 Ng4 32. h3 Ne3 33. e5 Rxg2+ 34. Kh1 Rc2 35. e6 Rxc3 36. e7 Rc1+ 37. Kh2 Re1 0-1

[Event "60th ch-RUS Higher League"]
[Site "Krasnoyarsk RUS"]
[Date "2007.09.08"]
[Round "5"]
[White "Khairullin, I."]
[Black "Landa, K."]
[Result "1-0"]
[WhiteElo "2567"]
[BlackElo "2669"]
[PlyCount "59"]
[EventDate "2007.09.03"]
[Source "www.chesslib.no"]
[SourceDate "2004.05.04"]

1. e4 e5 2. Nf3 Nc6 3. Bb5 a6 4. Ba4 Nf6 5. d3 d6 6. c3 g6 7. Nbd2 Bg7 8. Nf1 O-O 9. Ng3 b5 10. Bc2 d5 11. O-O h6 12. h3 Re8 13. a4 Be6 14. axb5 axb5 15. Rxa8 Qxa8 16. d4 Rd8 17. Nxe5 dxe4 18. Ng4 Nxg4 19. hxg4 Qc8 20. g5 hxg5 21. Bxe4 Ne5 22. Bxg5 f6 23. Bh4 g5 24. Qh5 gxh4 25. Qh7+ Kf8 26. Nh5 Qd7 27. dxe5 f5 28. Bc6 Bg8 29. Qg6 Qf7 30. Qg5 1-0

[Event "Europa ch 2008"]
[Site "Plovdiv BUL"]
[Date "2008.04.29"]
[Round "8.47"]
[White "Ovetchkin, Roman"]
[Black "Nikolic, Predrag"]
[Result "0-1"]
[WhiteElo "2556"]
[BlackElo "2674"]
[PlyCount "128"]
[EventDate "2008.04.21"]
[Source "www.chesslib.no"]
[SourceDate "2004.05.04"]

1. e4 e5 2. Nf3 Nc6 3. Bb5 a6 4. Ba4 Nf6 5. d3 b5 6. Bb3 Be7 7. a4 Rb8 8. O-O d6 9. c3 O-O 10. Re1 Na5 11. Ba2 c5 12. Nbd2 h6 13. Nf1 Qc7 14. Ne3 c4 15. Nd2 Be6 16. Bb1 Rfc8 17. axb5 axb5 18. d4 Ra8 19. d5 Bd7 20. Nc2 Nb7 21. Rxa8 Rxa8 22. Nf1 Nc5 23. Na3 Bd8 24. h3 Qb7 25. Ng3 Nh7 26. Qe2 Nf8 27. Rf1 Ng6 28. Nf5 Bxf5 29. exf5 Nf8 30. Rd1 Nh7 31. Bc2 Bg5 32. Bxg5 hxg5 33. Qe3 Rb8 34. Rd2 e4 35. Bxe4 Re8 36. f3 Nf6 37. Nc2 g4 38. hxg4 Ncxe4 39. fxe4 Rxe4 40. Qf3 Qa7+ 41. Kh2 Nxg4+ 42. Kh3 Nf6 43. Re2 Rxe2 44. Qxe2 Qa8 45. Nb4 Qa1 46. Kh2 Qc1 47. g3 Qg5 48. Nc6 Ng4+ 49. Kg2 Ne3+ 50. Kf3 Nxf5 51. Qe8+ Kh7 52. Qxf7 Qxg3+ 53. Ke2 Qh2+ 54. Ke1 Qg1+ 55. Ke2 Qb1 56. Qh5+ Nh6 57. Qh3 Qxb2+ 58. Kd1 Qb1+ 59. Kd2 Qe4 60. Nb4 Qe5 61. Qd7 Nf5 62. Qxb5 Qe3+ 63. Kc2 Qe2+ 64. Kc1 Qe1+ 0-1

[Event "It (Men) Sarajevo BIH"]
[Site "?"]
[Date "2006.05.07"]
[Round "1.3"]
[White "Naiditsch Arkadij"]
[Black "Predojevic Borki"]
[Result "1/2-1/2"]
[WhiteElo "2664"]
[BlackElo "2566"]
[PlyCount "78"]
[EventDate "2006.??.??"]
[Source "www.chesslib.no"]
[SourceDate "2004.05.04"]

1. e4 e5 2. Nf3 Nc6 3. Bb5 a6 4. Ba4 Nf6 5. d3 b5 6. Bb3 Be7 7. a4 Rb8 8. axb5 axb5 9. Nc3 d6 10. Nd5 Nxd5 11. exd5 Nd4 12. Nxd4 exd4 13. O-O O-O 14. Bd2 Bd7 15. Ra7 Ra8 16. Qa1 Qb8 17. Rxa8 Qxa8 18. Qa5 Qxa5 19. Bxa5 Rc8 20. f4 g6 21. Kf2 h5 22. h3 h4 23. Kf3 Kf8 24. Ke2 Bf5 25. Ra1 Ra8 26. Ra3 Ra7 27. Be1 Rxa3 28. bxa3 Bd7 29. Ba5 Bd8 30. c4 dxc3 31. Bxc3 Ke8 32. Bd4 c5 33. dxc6 Bxc6 34. Kf2 f5 35. g4 hxg3+ 36. Kxg3 Ba5 37. Kh4 Bd8+ 38. Kg3 Ba5 39. Kh4 Bd8+ 1/2-1/2

[Event "Olimpiadi 2008 - open"]
[Site "Dresda GER"]
[Date "2008.11.16"]
[Round "4"]
[White "Caruana, F."]
[Black "Korchnoi, V."]
[Result "1-0"]
[WhiteElo "2640"]
[BlackElo "2584"]
[PlyCount "55"]
[EventDate "2008.11.13"]
[Source "www.chesslib.no"]
[SourceDate "2004.05.04"]

1. e4 e5 2. Nf3 Nc6 3. Bb5 a6 4. Ba4 Nf6 5. d3 b5 6. Bb3 Be7 7. O-O d6 8. a4 Bg4 9. c3 Na5 10. Bc2 b4 11. d4 c5 12. cxb4 cxb4 13. Nbd2 Nd7 14. h3 Bh5 15. Nb3 Rc8 16. Nxa5 Qxa5 17. Bb3 Nf6 18. Re1 Bxf3 19. Qxf3 exd4 20. Bf4 Nd7 21. Qg4 g5 22. e5 Kd8 23. exd6 Bf6 24. Bg3 h5 25. Qe4 Be5 26. Bxe5 Re8 27. Qf5 Nxe5 28. d7 1-0

[Event "Open Aeroflot"]
[Site "Mosca RUS"]
[Date "2007.02.21"]
[Round "8"]
[White "Asrian, K."]
[Black "Svetushkin, D."]
[Result "1-0"]
[WhiteElo "2634"]
[BlackElo "2588"]
[PlyCount "61"]
[EventDate "2007.02.14"]
[Source "www.chesslib.no"]
[SourceDate "2004.05.04"]

1. e4 e5 2. Nf3 Nc6 3. Bb5 a6 4. Ba4 Nf6 5. d3 b5 6. Bb3 Bc5 7. Nc3 d6 8. Nd5 h6 9. c3 Be6 10. Nxf6+ Qxf6 11. O-O O-O 12. Be3 Bxe3 13. fxe3 Qe7 14. Qe1 Rae8 15. Nh4 Qd7 16. Qg3 Kh7 17. Nf5 g6 18. Nh4 Ne7 19. Rf6 Ng8 20. Bxe6 Rxe6 21. Nxg6 Rfe8 22. Rxe6 fxe6 23. Nh4 Rf8 24. Qg6+ Kh8 25. Rf1 Rxf1+ 26. Kxf1 c5 27. g3 a5 28. b3 b4 29. c4 d5 30. Qh5 dxc4 31. Ng6+ 1-0

[Event "Yerevan (ol)"]
[Site "?"]
[Date "1996.??.??"]
[Round "?"]
[White "Akopian, Vl"]
[Black "Timman, J."]
[Result "1/2-1/2"]
[WhiteElo "2630"]
[BlackElo "2590"]
[PlyCount "82"]
[EventDate "1996.??.??"]
[Source "ChessBase"]
[SourceDate "1996.06.01"]

1. e4 e5 2. Nf3 Nc6 3. Bb5 a6 4. Ba4 Nf6 5. d3 d6 6. c3 g6 7. Bg5 h6 8. Bxf6 Qxf6 9. Bxc6+ bxc6 10. Qa4 Bd7 11. Qa5 Ra7 12. Nbd2 Bg7 13. d4 exd4 14. cxd4 O-O 15. O-O Rb8 16. e5 Qf4 17. Qa3 c5 18. Rfe1 Bc6 19. Rac1 Bd5 20. dxc5 dxe5 21. Qd3 c6 22. b3 Re8 23. Nc4 e4 24. Qd2 Qxd2 25. Nfxd2 f5 26. Nd6 Rd8 27. N2c4 Bf8 28. b4 Bxd6 29. Nxd6 Bxa2 30. h4 Rb8 31. Ra1 Bd5 32. Ra4 Kg7 33. h5 Bb3 34. Ra3 Be6 35. Ra4 Bb3 36. Ra3 Be6 37. Ra4 gxh5 38. f3 Kg6 39. fxe4 fxe4 40. Rxe4 Bd5 41. Rd4 Kf6 1/2-1/2

[Event "I Open Ruy Lopez"]
[Site "Zafra SPA"]
[Date "2007.03.25"]
[Round "8"]
[White "Spasov, V."]
[Black "Ye Jiangchuan"]
[Result "1/2-1/2"]
[WhiteElo "2588"]
[BlackElo "2632"]
[PlyCount "68"]
[EventDate "2007.03.24"]
[Source "www.chesslib.no"]
[SourceDate "2004.05.04"]

1. e4 e5 2. Nf3 Nc6 3. Bb5 a6 4. Ba4 Nf6 5. d3 b5 6. Bb3 Be7 7. Nc3 d6 8. a3 O-O 9. O-O Bg4 10. Be3 Nd4 11. Bxd4 exd4 12. Nd5 c5 13. h3 Be6 14. Nf4 Bxb3 15. cxb3 Nd7 16. Re1 Re8 17. Nd5 Nb6 18. Nxb6 Qxb6 19. Qd2 Bf6 20. g3 h6 21. h4 Rac8 22. Rac1 Qb7 23. Qf4 Qd7 24. Kg2 Qe6 25. Rcd1 Be5 26. Qd2 Qxb3 27. Nh2 c4 28. dxc4 Rxc4 29. Re2 Rec8 30. Qd3 Qxd3 31. Rxd3 Rc2 32. Red2 Rxd2 33. Rf3 d3 34. Rxd3 Rxd3 1/2-1/2

[Event "Bundesliga 2004-5"]
[Site "Baden Oos"]
[Date "2004.11.14"]
[Round "2"]
[White "Vallejo Pons, Francisco"]
[Black "Naumann, Alexander"]
[Result "1-0"]
[WhiteElo "2678"]
[BlackElo "2538"]
[PlyCount "145"]
[EventDate "2004.11.14"]
[Source "Roberto Alvarez"]
[SourceDate "2004.11.22"]

1. e4 e5 2. Nf3 Nc6 3. Bb5 a6 4. Ba4 Nf6 5. d3 Bc5 6. Nc3 b5 7. Bb3 O-O 8. Nd5 h6 9. O-O d6 10. c3 Bb7 11. Bd2 Nxd5 12. Bxd5 Rb8 13. Qc2 Bb6 14. a4 Ne7 15. Bxb7 Rxb7 16. d4 Ng6 17. Rfd1 Qf6 18. Qd3 Rbb8 19. Be3 Rfd8 20. Qe2 Qe7 21. a5 Ba7 22. dxe5 Bxe3 23. Qxe3 Nxe5 24. Nd4 Re8 25. b3 Qf6 26. Re1 Ng6 27. Qd2 Rbd8 28. Nc6 Ra8 29. Rad1 Qg5 30. Nb4 Qxd2 31. Rxd2 Nf4 32. f3 Kf8 33. Kf2 Ne6 34. Nd5 Rac8 35. b4 Nd8 36. Rc1 Ne6 37. c4 bxc4 38. Rxc4 c5 39. Nb6 Rc6 40. Rd5 Ke7 41. g3 Rd8 42. f4 Nc7 43. Rd3 Nb5 44. h4 Ke8 45. Rd5 Nc7 46. Rh5 Ne6 47. f5 Nf8 48. f6 gxf6 49. Rxh6 Ng6 50. h5 Ne5 51. Rh8+ Ke7 52. Nd5+ Kd7 53. Nxf6+ Kc8 54. Rxd8+ Kxd8 55. Rc3 cxb4 56. Rxc6 Nxc6 57. h6 Ne5 58. h7 Ng6 59. Ke3 Ke7 60. Nd5+ Kf8 61. e5 dxe5 62. Nxb4 f5 63. Kf3 Kg7 64. Nxa6 e4+ 65. Kg2 Ne7 66. Nb4 Kxh7 67. a6 Nc8 68. Nc6 Kg7 69. Ne7 Na7 70. Nxf5+ Kf6 71. g4 Ke5 72. Kg3 Nc8 73. Ne3 1-0

[Event "It"]
[Site "?"]
[Date "2005.08.04"]
[Round "2"]
[White "Efimenko Zahar"]
[Black "Mikhalevski Victor"]
[Result "1/2-1/2"]
[WhiteElo "2643"]
[BlackElo "2572"]
[PlyCount "72"]
[EventDate "2005.??.??"]
[Source "www.chesslib.no"]
[SourceDate "2004.05.04"]

1. e4 e5 2. Nf3 Nc6 3. Bb5 a6 4. Ba4 Nf6 5. d3 d6 6. c3 g6 7. O-O Bg7 8. Re1 O-O 9. Bg5 h6 10. Bh4 Qe8 11. Nbd2 Nh5 12. Nf1 Bd7 13. Bb3 Kh8 14. Ne3 f5 15. exf5 gxf5 16. Nd5 Rc8 17. d4 e4 18. Nd2 Qg6 19. f3 Be6 20. g3 Bxd5 21. Bxd5 Bf6 22. Bxf6+ Rxf6 23. Nf1 Ne7 24. Bxb7 Rg8 25. d5 exf3 26. Qxf3 f4 27. g4 Qxg4+ 28. Qxg4 Rxg4+ 29. Kf2 Ng6 30. Re8+ Kg7 31. Bc8 Rg5 32. Be6 Ne5 33. Rd1 Kh7 34. Re7+ Kh8 35. Re8+ Kh7 36. Re7+ Kh8 1/2-1/2

[Event "Belgrade"]
[Site "Belgrade"]
[Date "1993.??.??"]
[Round "9"]
[White "Romanishin, Oleg M"]
[Black "Mozetic, Dejan"]
[Result "1-0"]
[WhiteElo "2615"]
[BlackElo "2580"]
[PlyCount "125"]
[EventDate "1993.12.??"]
[Source "ChessBase"]

1. e4 e5 2. Nf3 Nc6 3. Bb5 a6 4. Ba4 Nf6 5. d3 d6 6. c3 g6 7. Nbd2 Bg7 8. Nf1 O-O 9. Ng3 b5 10. Bc2 d5 11. O-O Re8 12. h3 Bb7 13. Be3 Na5 14. Qc1 Rc8 15. a4 c5 16. axb5 axb5 17. Bh6 Bh8 18. Re1 c4 19. dxc4 dxe4 20. Nd2 Nxc4 21. Ndxe4 Nxe4 22. Bxe4 Bxe4 23. Nxe4 f5 24. Nd2 Nd6 25. Qc2 Qf6 26. Ra6 Qe7 27. Qb3+ Nf7 28. Be3 Rb8 29. Rea1 b4 30. c4 Rbd8 31. Ra7 Qf6 32. c5 Qe6 33. c6 f4 34. c7 Rc8 35. Qxe6 Rxe6 36. Ra8 Ree8 37. Rxc8 Rxc8 38. Bb6 Nd6 39. Ra4 e4 40. Rxb4 e3 41. fxe3 fxe3 42. Nf3 Kf7 43. Bc5 Nf5 44. g4 Rxc7 45. Ng5+ Ke8 46. Ne6 Rc6 47. gxf5 gxf5 48. Rb6 Rxb6 49. Bxb6 Bxb2 50. Nd4 f4 51. Kg2 Kf7 52. Kf3 Kg6 53. Ne2 Kg5 54. Nxf4 Be5 55. Bxe3 Kf5 56. Ne2 Bc7 57. Ng3+ Kg6 58. Kg4 Bb8 59. Nh5 Bd6 60. Nf4+ Kh6 61. Kf5 Bb8 62. Ne6+ Kh5 63. Bg5 1-0

[Event "Ch Bosnia & Herzegovina (team)"]
[Site "Vogosca (Bosnia & Herzegovina"]
[Date "2007.06.06"]
[Round "5"]
[White "Perunovic Milos (SCG)"]
[Black "Nikolic Predrag (BIH)"]
[Result "1/2-1/2"]
[WhiteElo "2562"]
[BlackElo "2631"]
[PlyCount "25"]
[EventDate "2007.??.??"]
[Source "www.chesslib.no"]
[SourceDate "2004.05.04"]

1. e4 e5 2. Nf3 Nc6 3. Bb5 a6 4. Ba4 Nf6 5. d3 d6 6. c4 Be7 7. Nc3 O-O 8. h3 Nd7 9. Be3 Bf6 10. Nd5 Ne7 11. O-O c6 12. Nxf6+ Nxf6 13. d4 1/2-1/2

[Event "Calviá ol (Men)"]
[Site "Mallorca"]
[Date "2004.10.18"]
[Round "4.2"]
[White "Vallejo Pons, Francisco"]
[Black "Georgiev, Vladimir"]
[Result "1-0"]
[WhiteElo "2678"]
[BlackElo "2512"]
[PlyCount "141"]
[EventDate "2004.10.15"]
[Source "Roberto Alvarez"]
[SourceDate "2004.10.25"]

1. e4 e5 2. Nf3 Nc6 3. Bb5 a6 4. Ba4 Nf6 5. d3 b5 6. Bb3 Bc5 7. Nc3 d6 8. Nd5 h6 9. c3 O-O 10. O-O Rb8 11. Re1 Bg4 12. h3 Bxf3 13. Qxf3 Nxd5 14. Bxd5 Ne7 15. Bb3 Ng6 16. Rd1 Bb6 17. g3 Kh8 18. Qf5 Ne7 19. Qh5 Ng8 20. a4 b4 21. Bc4 bxc3 22. bxc3 f5 23. exf5 d5 24. Bxa6 Ba5 25. c4 Qf6 26. Qg6 Qxg6 27. fxg6 Rf6 28. Bb5 c6 29. Ba6 Bc3 30. Ra2 Ra8 31. Bb7 Rb8 32. Ba6 Ra8 33. Bb7 Rb8 34. Bb2 Ba5 35. Bxe5 Rxb7 36. Bxf6 gxf6 37. cxd5 cxd5 38. Rc1 Ne7 39. Rc5 Ra7 40. h4 h5 41. Re2 Bb4 42. Rb5 Bc3 43. a5 Nxg6 44. Ra2 Ra6 45. Rb6 Rxa5 46. Rxa5 Bxa5 47. Rxf6 Kg7 48. Rf5 Ne7 49. Rxh5 Bc3 50. Rg5+ Kh6 51. Kf1 Bf6 52. Rg4 Nc6 53. Ra4 Kg7 54. Ra6 Nb4 55. Ra7+ Kg6 56. Ke2 Kf5 57. Ra5 Kg4 58. Rb5 Be7 59. Rb7 Nc6 60. Rd7 Nd4+ 61. Kf1 Bf6 62. Rxd5 Nf3 63. Ra5 Be5 64. Ra4+ Bd4 65. Ke2 Ng1+ 66. Kf1 Nf3 67. Ra8 Ne5 68. Ke2 Kh3 69. Ra4 Bc3 70. h5 Ng4 71. h6 1-0

[Event "Calviá ol (Men)"]
[Site "Mallorca"]
[Date "2004.10.25"]
[Round "10.1"]
[White "Karjakin, Sergey"]
[Black "Kaidanov, Gregory S"]
[Result "1/2-1/2"]
[WhiteElo "2576"]
[BlackElo "2611"]
[PlyCount "65"]
[EventDate "2004.10.15"]
[Source "Roberto Alvarez"]
[SourceDate "2004.10.25"]

1. e4 e5 2. Nf3 Nc6 3. Bb5 a6 4. Ba4 Nf6 5. d3 d6 6. c3 g6 7. Nbd2 Bg7 8. O-O O-O 9. Re1 b5 10. Bc2 Re8 11. d4 exd4 12. cxd4 Nb4 13. Bb1 c5 14. a3 Nc6 15. d5 Nb8 16. a4 Bb7 17. Qb3 Nbd7 18. axb5 axb5 19. Rxa8 Qxa8 20. Qxb5 Rb8 21. Qf1 Ba6 22. Bd3 Bxd3 23. Qxd3 Ng4 24. Qc2 Qa6 25. b3 Nge5 26. Nxe5 Nxe5 27. Bb2 Qd3 28. Qd1 Qb5 29. Bxe5 Bxe5 30. g3 Bc3 31. Re3 Bd4 32. Re1 Bc3 33. Re3 1/2-1/2

[Event "4th Open A"]
[Site "Moscow RUS"]
[Date "2008.02.05"]
[Round "4"]
[White "Akopian, Vl"]
[Black "Melkumyan, H."]
[Result "1-0"]
[WhiteElo "2700"]
[BlackElo "2485"]
[PlyCount "55"]
[EventDate "2008.02.02"]
[Source "www.chesslib.no"]
[SourceDate "2004.05.04"]

1. e4 e5 2. Nf3 Nc6 3. Bb5 a6 4. Ba4 Nf6 5. d3 d6 6. c3 Bd7 7. Nbd2 g6 8. Nf1 Nh5 9. Ng3 Nf4 10. O-O Qf6 11. d4 h5 12. Re1 Bh6 13. Nf1 b5 14. Bb3 Ne7 15. a4 Rc8 16. axb5 axb5 17. Ra6 c6 18. dxe5 dxe5 19. Bxf4 Bxf4 20. Ne3 Bxe3 21. Rxe3 Be6 22. Bxe6 Qxe6 23. Rd3 O-O 24. h3 Rc7 25. Rd8 Rc8 26. Rd6 Qc4 27. Nxe5 Qxe4 28. Nd7 1-0

[Event "It (open)"]
[Site "Zupanja (Croatia)"]
[Date "2008.01.07"]
[Round "7"]
[White "Sedlak Nikola (SRB)"]
[Black "Brkic Ante (CRO)"]
[Result "1-0"]
[WhiteElo "2605"]
[BlackElo "2577"]
[PlyCount "85"]
[EventDate "2008.??.??"]
[Source "www.chesslib.no"]
[SourceDate "2004.05.04"]

1. e4 e5 2. Nf3 Nc6 3. Bb5 a6 4. Ba4 Nf6 5. d3 b5 6. Bb3 Be7 7. a4 b4 8. O-O d6 9. Nbd2 O-O 10. Re1 Be6 11. Bxe6 fxe6 12. Nf1 Qd7 13. Ng3 h6 14. h3 Nh7 15. c3 bxc3 16. bxc3 Rab8 17. d4 exd4 18. cxd4 d5 19. Ba3 Bxa3 20. Rxa3 Rb4 21. Rae3 a5 22. exd5 Qxd5 23. Ne2 Ng5 24. Nxg5 hxg5 25. Nc3 Qxd4 26. Qh5 Qh4 27. Qxh4 gxh4 28. Rxe6 Nd4 29. R6e5 c6 30. Rxa5 Rb2 31. Ne4 Ne2+ 32. Kh2 Nf4 33. Rg5 Nd3 34. Rd1 Re2 35. Rxd3 Rxe4 36. Rd7 Rf7 37. Rxf7 Kxf7 38. Rg4 Re2 39. f3 Ke6 40. Re4+ Rxe4 41. fxe4 c5 42. Kg1 Ke5 43. a5 1-0

[Event "Vienna op"]
[Site "Vienna"]
[Date "1996.??.??"]
[Round "5"]
[White "Kengis, Edvins"]
[Black "Tkachiev, Vladislav"]
[Result "1/2-1/2"]
[WhiteElo "2560"]
[BlackElo "2620"]
[PlyCount "24"]
[EventDate "1996.08.??"]
[Source "ChessBase"]

1. e4 e5 2. Nf3 Nc6 3. Bb5 a6 4. Ba4 Nf6 5. d3 b5 6. Bb3 Bc5 7. a4 Rb8 8. axb5 axb5 9. Nc3 d6 10. Be3 O-O 11. O-O Bxe3 12. fxe3 Be6 1/2-1/2

[Event "Enschede (Netherlands)"]
[Site "?"]
[Date "2005.05.??"]
[Round "1"]
[White "Saltaev Mihail"]
[Black "Aronian Levon"]
[Result "1/2-1/2"]
[WhiteElo "2485"]
[BlackElo "2693"]
[PlyCount "130"]
[EventDate "2005.??.??"]
[Source "www.chesslib.no"]
[SourceDate "2004.05.04"]

1. e4 e5 2. Nf3 Nc6 3. Bb5 a6 4. Ba4 Nf6 5. d3 b5 6. Bb3 Be7 7. a4 b4 8. Bd5 Nxd5 9. exd5 Nd4 10. Nxe5 O-O 11. c3 d6 12. Nf3 Nxf3+ 13. Qxf3 Bg5 14. Be3 bxc3 15. bxc3 Bxe3 16. fxe3 Qh4+ 17. Qg3 Qh5 18. e4 f5 19. O-O fxe4 20. Rxf8+ Kxf8 21. Nd2 exd3 22. Qxd3 Kg8 23. Re1 Bf5 24. Qc4 Re8 25. Rxe8+ Qxe8 26. Kf2 Qf7 27. Nf3 h6 28. a5 Kh7 29. h3 c5 30. Qb3 Bd3 31. c4 Qf5 32. Qc3 Qe4 33. Nd2 Qe2+ 34. Kg1 Kg6 35. Kh2 Qe3 36. Qb2 Bxc4 37. Nxc4 Qf4+ 38. Kh1 Qxc4 39. Qb6 Qxd5 40. Qxa6 c4 41. Qc8 Qxa5 42. Qe6+ Kg5 43. Qe7+ Kf4 44. Qxd6+ Qe5 45. Qd2+ Ke4 46. Qe1+ Kf5 47. Qf2+ Qf4 48. Qb6 Qe4 49. Kh2 Qe6 50. Qb1+ Kf6 51. h4 Qd6+ 52. Kh1 Qd3 53. Qb6+ Kf7 54. Kh2 c3 55. Qc7+ Kg6 56. h5+ Kh7 57. Qc8 c2 58. Qc6 Qe2 59. Qc5 Qe4 60. Kh3 Kg8 61. Qc8+ Kf7 62. Qd7+ Kf6 63. Qd8+ Ke5 64. Qc7+ Kd4 65. Qxg7+ Kd3 1/2-1/2

[Event "Curacao 40. anniv Open"]
[Site "?"]
[Date "2002.11.25"]
[Round "7"]
[White "Kosashvili Yona"]
[Black "Kortschnoj Viktor"]
[Result "1-0"]
[WhiteElo "2543"]
[BlackElo "2634"]
[PlyCount "99"]
[EventDate "2002.??.??"]
[Source "www.chesslib.no"]
[SourceDate "2004.05.04"]

1. e4 e5 2. Nf3 Nc6 3. Bb5 a6 4. Ba4 Nf6 5. d3 b5 6. Bb3 Bc5 7. a4 Rb8 8. Bg5 h6 9. Bh4 d6 10. axb5 axb5 11. Nbd2 g5 12. Bg3 Bg4 13. c3 Nh5 14. Nf1 Nf4 15. Bxf4 gxf4 16. h3 Bh5 17. g4 Bg6 18. N1d2 Qf6 19. Ra6 Bb6 20. Qa1 O-O 21. h4 h5 22. g5 Qe7 23. Qa2 Qd7 24. Ke2 Rfe8 25. Bc2 Nd8 26. b4 Ne6 27. Bb3 c6 28. Bxe6 Rxe6 29. c4 Qb7 30. Rc1 Re7 31. c5 dxc5 32. bxc5 Bd8 33. Ra1 Kf8 34. Qb2 Bc7 35. Ra7 Qc8 36. R1a6 Rb7 37. Ra8 Rb8 38. Qa1 Kg7 39. R8a7 Qe6 40. d4 exd4 41. Qxd4+ Kg8 42. Qf6 Qd7 43. Qxc6 Rd8 44. Qxd7 Rdxd7 45. Kf1 Kg7 46. Rb7 Be5 47. Rxd7 Rxd7 48. Nxe5 Rxd2 49. f3 Rc2 50. c6 1-0

[Event "Ch Norway (team) 1998/99"]
[Site "Norway"]
[Date "1998.??.??"]
[Round "3"]
[White "Manouck, T."]
[Black "Kraai, Jesse"]
[Result "1/2-1/2"]
[WhiteElo "2570"]
[BlackElo "2605"]
[PlyCount "28"]
[EventDate "1998.??.??"]
[Source "www.chesslib.no"]
[SourceDate "2004.05.04"]

1. e4 e5 2. Nf3 Nc6 3. Bb5 a6 4. Ba4 Nf6 5. d3 b5 6. Bb3 Bc5 7. a4 Rb8 8. axb5 axb5 9. O-O d6 10. c3 O-O 11. Be3 Bxe3 12. fxe3 Ne7 13. Nbd2 Ng6 14. Qe1 Nd7 1/2-1/2

[Event "6. EICC"]
[Site "?"]
[Date "2005.06.25"]
[Round "7"]
[White "Gouliev Namig"]
[Black "Navara David"]
[Result "1/2-1/2"]
[WhiteElo "2526"]
[BlackElo "2647"]
[PlyCount "64"]
[EventDate "2005.??.??"]
[Source "www.chesslib.no"]
[SourceDate "2004.05.04"]

1. e4 e5 2. Nf3 Nc6 3. Bb5 a6 4. Ba4 Nf6 5. d3 d6 6. O-O b5 7. Bb3 Na5 8. Bg5 Be7 9. Nc3 c6 10. Ne2 h6 11. Bd2 Nxb3 12. axb3 O-O 13. Ng3 Re8 14. d4 exd4 15. Nxd4 Bb7 16. Ndf5 Bf8 17. Bf4 Nxe4 18. Nxe4 Rxe4 19. Bxd6 Qf6 20. Qf3 c5 21. Rad1 Rd8 22. Bxf8 Rxd1 23. Qxd1 Qxf5 24. Qd8 Kh7 25. Qc7 Bd5 26. Qxc5 Qg5 27. g3 Qd2 28. Qc3 Qxc3 29. bxc3 Re2 30. Rc1 Be4 31. Kf1 Rxc2 32. Rxc2 Bxc2 1/2-1/2

[Event "Camp. bosniaco 2007"]
[Site "Sarajevo BOS"]
[Date "2007.12.21"]
[Round "4"]
[White "Stojanovic, Dalibor"]
[Black "Nikolic, Predrag"]
[Result "1/2-1/2"]
[WhiteElo "2510"]
[BlackElo "2657"]
[PlyCount "80"]
[EventDate "2007.12.18"]
[Source "www.chesslib.no"]
[SourceDate "2004.05.04"]

1. e4 e5 2. Nf3 Nc6 3. Bb5 a6 4. Ba4 Nf6 5. d3 b5 6. Bb3 Be7 7. O-O d6 8. a4 Bg4 9. c3 O-O 10. h3 Bxf3 11. Qxf3 Na5 12. Bc2 c5 13. axb5 axb5 14. Bg5 Nd7 15. Bxe7 Qxe7 16. Nd2 Nb6 17. Ra2 Ra7 18. Rfa1 Rfa8 19. Qd1 g6 20. Bb3 Qb7 21. Nf1 Nxb3 22. Qxb3 Rxa2 23. Rxa2 Rxa2 24. Qxa2 Qa8 25. Qxa8+ Nxa8 26. Ne3 Nb6 27. b3 Kf8 28. g3 Ke7 29. f4 Ke6 30. Kf2 d5 31. c4 dxc4 32. dxc4 b4 33. f5+ Kd6 34. fxg6 fxg6 35. g4 Nd7 36. g5 Nf8 37. Nf1 Ne6 38. h4 Nd4 39. Nd2 Ke6 40. Kg3 Kf7 1/2-1/2